00736nam a2200217 a 450000100060000000300080000600500170001400800410003103500190007204000350009104100080012608200260013410000510016024500560021126000310026730000330029849000420033150400510037365000520042483000420047661207BD-RjUL20211209080932.0170116s1982 nyua b 001 0 eng d a(BD-RjUL)61331 aBD-RjULcBD-RjULdBD-RjULbeng aeng00a658.049223bDAG 19821 aDavidson, William H.q(William Harley),d1951-10aGlobal strategic management /cWilliam H. Davidson. aNew York :bWiley,cc1982. axi, 348 p. :bill. ;c24 cm. aRonald series on marketing management aIncludes bibliographical references and index. 0aInternational business enterprisesxManagement. aRonald series on marketing management